000
00240nam a2200097Ia 4500
001
910712
005
20250826185705.0
008
250824s9999 xx 000 0 und d
245
0
_a
SÖZÜM SÖZ OLSUN
_c
SERKAN ÖZEL
260
_b
DESTEK YAYINLARI
999
_c
910712
_d
910712